00000000nam##2200000za#4500
0019.600978
003CaOODSP
00520220901164721
007cr |||||||||||
008150406|1995||||xxc|||||o    f|0| 0 fre|d
040 |aCaOODSP|bfre
043 |an-cn---
0861 |aJ3-8/1995-4F-PDF
1101 |aCanada.|bJustice Canada. |bAucun équivalent français.
24510|aRèglement sur les pièces pyrotechniques à l'usage des consommateurs : |h[ressource électronique]|brapport final / |c[par] Shelley Trevethan, Wendy Gordon et marie-Andrée Roy.
260 |aOttawa - Ontario : |bJustice Canada. |c1995.
300 |a27p.
4901 |aDocument de travail|vWD1995-4f
590 |a11-08-Supp|b2011-06-16
7201 |aTrevethan, Shelley
7201 |aGordon, Wendy
7201 |aRoy, Marie-Andrée
77508|tConsumer fireworks regulations : |w(CaOODSP)9.570230
830#0|aDocument de travail ;|vWD1995-4f|w(CaOODSP)9.502069
85640|ahttp://publications.gc.ca|qPDF|s71 Ko|uhttps://publications.gc.ca/collections/collection_2011/jus/J3-8-1995-4-fra.pdf|yWD1995-4f